| 000 | 00681cam a22002054a 4500 | ||
|---|---|---|---|
| 005 | 20250605164034.0 | ||
| 008 | 250528s ||||||||||||||||||||||||d | ||
| 035 | _a16748 | ||
| 020 | _a9607213408 | ||
| 040 |
_aGR-AtMCL _bgre _dGR-AtMCL _eAACR2 |
||
| 245 | 1 | _aΜοιραίο Πάθος | |
| 250 | _a6η | ||
| 260 |
_bΩκεανίδα, _c1996 |
||
| 300 | _a232 | ||
| 520 | _aΤο βιβλίο αυτό αποκαλύπτει με ψυχολογική οξυδέρκεια τις απίθανες, φρενιτικες διαστάσεις μιας ερωτικής ψύχωσης. | ||
| 700 | 1 |
_aHart Josephine _92838 |
|
| 942 | _cBK | ||
| 999 |
_c2217 _d2217 |
||